EL PUDOR Y LA LEY PENAL /

Na minha lista:
Detalhes bibliográficos
Autor principal: Ure, Ernesto J. (autor)
Formato: Livro
Assuntos:
Tags: Adicionar Tag
Sem tags, seja o primeiro a adicionar uma tag!

MARC

LEADER 00000nam^a2200000^a^4500
001 000233212
005 20250521000000.0
009 20260310104633.897
035 |a 054687 
037 |a Acervo Xavier Clavigero 
082 |a 340. 112  |b URE 
100 |a Ure, Ernesto J.  |e (autor) 
245 1 3 |a EL PUDOR Y LA LEY PENAL /  |c ERNESTO J. URE 
264 |a Buenos Aires, Argentina :  |b Abeledo-Perrot,  |c 1962 
300 |a 51 p. 
336 |a texto  |b txt  |2 rdacontenido 
337 |a sin mediación  |b n  |2 rdamedio 
338 |a volumen  |b nc  |2 rdasoporte 
649 |a XX 
650 |a Pudor 
650 |a Derecho y Etica 
910 |a Fondo General 
920 |a Impresos - Libros 
930 |a Colección General 
905 |a 101 
901 |a 054687  |b IT1  |c ACC  |i 054687  |u 20250521 
902 |a https://opac.biblio.iteso.mx/vufind/Record/000233212